000 01199cam a2200205 4500
001 ABS63250
008 000000n2000 000 0 eng u
035 _a(Sirsi) u109987
100 _aAinsworth, R
245 4 _aThe Party Wall, etc Act 1996: differences of opinion in interpreting section 1
260 _c2000
490 _aStructural Survey
_v18(5) December 2000, 213-217(5)
520 _aNotes that differences of opinion often arise regarding the correct interpretation of provisions within the Party Wall, etc Act 1996. Argues that this is frequently due to ambiguities within the wording of the statute and to a lack of clarity within its provisions regarding its relationship to the common law. Examines three areas within section 1 of the Act where differences of opinion arise and challenges some of the assumptions regarding their correct interpretation. Concludes that differences of opinion will continue to arise until the deficiencies within the legislation are properly adddressed. Journal abstract.
590 _aABS
650 _aPARTY WALL ETC ACT 1996 S1
650 _aParty walls
_96258
650 _aINTERPRETATION
690 _aBoundary disputes
_96221
942 _n0
999 _c65601
_d65601